Countries you can fly to from Brussels South Charleroi (CRL) - Statistics

General Stats
  • This quiz has been taken 19 times
  • The average score is 29 of 31
Answers on the Map
Answers color-coded by a green-red scale on the quiz's map according to % correct below.
 
Answer Stats
Number of destinations Country % Correct
2 Finland
100%
17 France
100%
7 Greece
100%
2 Ireland
100%
24 Italy
100%
9 Morocco
100%
4 Portugal
100%
21 Spain
100%
3 United Kingdom
100%
1 Albania
93%
1 Austria
93%
Charleroi Belgium
93%
2 Bosnia and Herzegovina
93%
2 Bulgaria
93%
5 Croatia
93%
1 Cyprus
93%
1 Czechia
93%
1 Hungary
93%
1 Latvia
93%
1 Lithuania
93%
1 Malta
93%
7 Poland
93%
7 Romania
93%
1 Slovakia
93%
1 Sweden
93%
2 Turkey
93%
1 Moldova
86%
1 Montenegro
86%
1 Georgia
71%
1 Jordan
71%
1 North Macedonia
71%
No matching quizzes found
Score Distribution
Percent of People with Each Score
Percentile by Number Answered
Your Score History
You have not taken this quiz